The colour of medieval Portuguese illumination

Bibliographic Details
Main Authors: Casanova, C. (Author), Miranda, A. (Author), Claro, A. (Author), Melo, A. J. (Author), Pina, F. (Author)
Format: Book Chapter
Language:English
Slovak
ISBN:ISBN 1-84407-253-3
Online Access:http://www.viks.sk/chk/14tmh_65.doc

MARC

LEADER 00000naa a2200000 a 4500
001 vtls008834594
003 SK-MaSNL
005 20260302100335.0
008 040826 2005 xo 000 0 eng
040 |a SNKORKD  |b slo  |c SNKORKD  |e AACR2 
041 0 |a slo 
044 |a xo  |c SK 
100 1 |a Casanova, C.  |4 aut  |9 770839 
245 1 4 |a The colour of medieval Portuguese illumination 
520 3 |a SUMMARIES.During the Middle Ages illuminated manuscript production had it finest flowering period. This period provides the richest field of art available for the study of medieval painting. The Lorvão Apocalypse selected for our study is dated at 1189, and was produced in the scriptorium of a Portuguese Monastery, Mosteiro de São Mamede do Lorvão, located near Coimbra. The Lorvão Apocalypse was copied from a famous Spanish monastic manuscript, Commentary, by S Beatus de Liebana (a monk of Liebana in the Asturian kingdom) on the Apocalypse of S John. The original manuscript was written in about 776. This manuscript is considered a Portuguese national treasure and is conserved in the National Archives (IAN-TT). For this palette, magnificent reds, oranges and yellows were created with inorganic pigments based on As (orpiment), Pb (minium), Hg (vermilion) and Fe (iron oxides). The principal binder is proteinaceous. 
700 1 |a Miranda, A.  |4 aut  |9 770840 
700 1 |a Claro, A.  |4 aut  |9 770841 
700 1 |a Melo, A. J.  |4 aut  |9 770842 
700 1 |a Pina, F.  |4 aut  |9 770843 
773 |t 14th Triennial Meeting the Hague  |d Rome: International Council of Museums (ICOM), 2005  |z ISBN 1-84407-253-3 
856 4 |u http://www.viks.sk/chk/14tmh_65.doc 
910 |a schk  |a memoriask 
999 |c 1219921  |d 1221851